[Event "34. Copenhagen Open (Politiken Cup)"]
[Site "Elsinore"]
[Date "2012.08.01"]
[Round "6"]
[White "Satre, Roger"]
[Black "Rasmussen, Jonas H"]
[Result "1-0"]
[WhiteElo "1866"]
[BlackElo "1673"]
[PlyCount "59"]
[EventDate "2012.07.28"]
[EventType "swiss"]
[EventRounds "10"]
[EventCountry "DEN"]
[Source "ChessBase"]
[SourceDate "2012.08.24"]

1. g3 e5 2. Bg2 Nf6 3. c4 Bc5 4. Nc3 O-O 5. d3 h6 6. Nf3 Nc6 7. O-O d6 8. Nh4
Rb8 9. Na4 Bb6 10. a3 Ne7 11. Nxb6 axb6 12. f4 exf4 13. Bxf4 g5 14. Bd2 Ng4 15.
h3 Ne5 16. Nf3 Nxf3+ 17. Rxf3 Ng6 18. Qf1 Be6 19. e4 c6 20. Bc3 d5 21. cxd5
cxd5 22. Bf6 Qd6 23. h4 dxe4 24. dxe4 Ne5 25. Rc3 gxh4 26. Rd1 Qxd1 27. Qxd1
Ng4 28. Bxh4 f6 29. Bh3 Nf2 30. Bxe6+ 1-0

[Event "34. Copenhagen Open (Politiken Cup)"]
[Site "Elsinore"]
[Date "2012.08.01"]
[Round "6"]
[White "Schandorff, Lars"]
[Black "Ochsner, Bjorn Moller"]
[Result "1/2-1/2"]
[WhiteElo "2516"]
[BlackElo "2290"]
[PlyCount "67"]
[EventDate "2012.07.28"]
[EventType "swiss"]
[EventRounds "10"]
[EventCountry "DEN"]
[Source "ChessBase"]
[SourceDate "2012.08.24"]

1. d4 Nf6 2. c4 e6 3. Nc3 Bb4 4. e3 c5 5. Nge2 d5 6. a3 Bxc3+ 7. Nxc3 cxd4 8.
exd4 dxc4 9. Bxc4 Nc6 10. Be3 O-O 11. O-O b6 12. Qf3 Bb7 13. Qh3 Rc8 14. Rad1
Na5 15. Bd3 Nc4 16. Bc1 Re8 17. Rfe1 h6 18. Qg3 Nh5 19. Qg4 Nf6 20. Qg3 Nh5 21.
Qg4 Nf6 22. Qe2 Nd6 23. Bc2 a6 24. a4 b5 25. axb5 axb5 26. f3 Qb6 27. Kh1 Red8
28. Bd3 Bc6 29. Bb1 Nc4 30. Be3 Qa5 31. Bc1 Qb6 32. Be3 Qa5 33. Bc1 Qb6 34. Be3
1/2-1/2

[Event "34. Copenhagen Open (Politiken Cup)"]
[Site "Elsinore"]
[Date "2012.08.01"]
[Round "6"]
[White "Schultz Pedersen, Jesper"]
[Black "Stray, Gunnar"]
[Result "1/2-1/2"]
[WhiteElo "2172"]
[BlackElo "2035"]
[PlyCount "141"]
[EventDate "2012.07.28"]
[EventType "swiss"]
[EventRounds "10"]
[EventCountry "DEN"]
[Source "ChessBase"]
[SourceDate "2012.08.24"]

1. e4 c5 2. f4 d5 3. Nf3 dxe4 4. Ne5 Nf6 5. Nc3 Nc6 6. Bb5 Bd7 7. Bxc6 Bxc6 8.
Nxc6 bxc6 9. Qe2 e6 10. Nxe4 Nxe4 11. Qxe4 Qd5 12. Qe2 c4 13. b3 cxb3 14. axb3
Bc5 15. Ra4 O-O 16. Bb2 Rad8 17. Rf1 f6 18. Rf3 Qf5 19. Rc4 a5 20. Qe4 Qxe4+
21. Rxe4 Kf7 22. Rc4 Bb4 23. Rf2 Rc8 24. Bc3 Bxc3 25. Rxc3 Rfd8 26. Rc4 Rd5 27.
Rf3 Rh5 28. h3 Ke7 29. Re3 Kd6 30. Rce4 Re8 31. Ra4 Rb8 32. g4 Rhb5 33. Rd4+
Rd5 34. Rde4 Kc7 35. Rxe6 Rbd8 36. d3 Rd4 37. R3e4 R4d7 38. Rc4 Rd6 39. Rxd6
Rxd6 40. Kd2 h5 41. Re4 hxg4 42. hxg4 Rd7 43. Re6 Rf7 44. f5 Rd7 45. Kc3 Kb6
46. Kc4 Kb7 47. Re8 Kb6 48. d4 Kb7 49. Rh8 Kb6 50. Rh7 Kc7 51. Kc3 Kd6 52. Kd3
c5 53. Rh8 Ke7 54. c3 cxd4 55. cxd4 Rb7 56. Kc4 Rc7+ 57. Kd3 Rb7 58. Kc3 Rc7+
59. Kb2 Rd7 60. Ra8 Rxd4 61. Ra7+ Kd6 62. Rxg7 Ke5 63. Kc3 Rd5 64. Rc7 Rd1 65.
Rc5+ Kf4 66. Rc4+ Kg3 67. Ra4 Rd5 68. Kc4 Re5 69. g5 fxg5 70. f6 Rf5 71. f7
1/2-1/2

[Event "34. Copenhagen Open (Politiken Cup)"]
[Site "Elsinore"]
[Date "2012.08.01"]
[Round "6"]
[White "Skjolas, Erling Dyrhaug"]
[Black "Nielsen, Leo"]
[Result "0-1"]
[WhiteElo "1581"]
[BlackElo "1739"]
[PlyCount "57"]
[EventDate "2012.07.28"]
[EventType "swiss"]
[EventRounds "10"]
[EventCountry "DEN"]
[Source "ChessBase"]
[SourceDate "2012.08.24"]

1. e4 e5 2. Nf3 Nc6 3. Bc4 a6 4. d4 Qe7 5. O-O h6 6. Nc3 d6 7. d5 Na5 8. Bd3 c5
9. dxc6 bxc6 10. b4 Nb7 11. Be3 Nf6 12. Bc4 g6 13. h3 Bg7 14. a4 Be6 15. Qd3
Bxc4 16. Qxc4 O-O 17. Qxc6 Rac8 18. Nd5 Nxd5 19. Qxd5 Rxc2 20. Rfc1 Rfc8 21.
Rxc2 Rxc2 22. Rc1 Rxc1+ 23. Bxc1 Kf8 24. Qc6 f5 25. exf5 g5 26. Qxa6 e4 27. Nd2
e3 28. fxe3 Qxe3+ 29. Kf1 0-1

[Event "34. Copenhagen Open (Politiken Cup)"]
[Site "Elsinore"]
[Date "2012.08.01"]
[Round "6"]
[White "Skjoldager, Mikael"]
[Black "Merkesvik, Sondre"]
[Result "1-0"]
[WhiteElo "2077"]
[BlackElo "1892"]
[PlyCount "65"]
[EventDate "2012.07.28"]
[EventType "swiss"]
[EventRounds "10"]
[EventCountry "DEN"]
[Source "ChessBase"]
[SourceDate "2012.08.24"]

1. d4 Nf6 2. c4 c5 3. d5 d6 4. Nc3 g6 5. g3 Bg7 6. Bg2 O-O 7. Nf3 Na6 8. O-O
Nc7 9. h3 a6 10. a4 b6 11. e4 Rb8 12. Qe2 Bd7 13. e5 Nfe8 14. Bg5 dxe5 15. a5
b5 16. Ne4 bxc4 17. d6 Nd5 18. Qxc4 Be6 19. dxe7 Nxe7 20. Qxa6 h6 21. Rfd1 Qc7
22. Be3 Rxb2 23. Bxc5 Bf5 24. Nfd2 Rc2 25. Qa7 Qxa7 26. Bxa7 Nf6 27. Nxf6+ Bxf6
28. Be3 Bg7 29. a6 e4 30. Ra4 Nd5 31. Nxe4 Nxe3 32. fxe3 Rxg2+ 33. Kxg2 1-0

[Event "34. Copenhagen Open (Politiken Cup)"]
[Site "Elsinore"]
[Date "2012.08.01"]
[Round "6"]
[White "Skjoldager, Per"]
[Black "Kristensen, Bjarke Hautop"]
[Result "0-1"]
[WhiteElo "2062"]
[BlackElo "1824"]
[PlyCount "52"]
[EventDate "2012.07.28"]
[EventType "swiss"]
[EventRounds "10"]
[EventCountry "DEN"]
[Source "ChessBase"]
[SourceDate "2012.08.24"]

1. e4 d5 2. exd5 Qxd5 3. Nc3 Qa5 4. Bc4 Nf6 5. d4 Bf5 6. Nge2 Nc6 7. O-O O-O-O
8. Be3 e5 9. d5 Nb4 10. Ng3 Bg6 11. a3 Nbxd5 12. Nxd5 Nxd5 13. Qg4+ Kb8 14. b4
Nxe3 15. Qh4 Rd4 16. Qxd4 exd4 17. bxa5 Nxc4 18. Rfe1 Bxa3 19. a6 b6 20. Ne4
Bb4 21. Re2 Re8 22. c3 Rxe4 23. Rxe4 Bxe4 24. cxb4 d3 25. Kf1 d2 26. Ke2 Bc2
0-1

[Event "34. Copenhagen Open (Politiken Cup)"]
[Site "Elsinore"]
[Date "2012.08.01"]
[Round "6"]
[White "Skovgaard, Ib"]
[Black "Brorsen, Jacob Abildlund"]
[Result "1-0"]
[WhiteElo "2006"]
[BlackElo "2121"]
[PlyCount "55"]
[EventDate "2012.07.28"]
[EventType "swiss"]
[EventRounds "10"]
[EventCountry "DEN"]
[Source "ChessBase"]
[SourceDate "2012.08.24"]

1. e4 c5 2. Nf3 d6 3. d4 cxd4 4. Nxd4 Nf6 5. Nc3 a6 6. Bg5 e6 7. Qd3 b5 8. f4
Nbd7 9. O-O-O b4 10. Nd5 Nc5 11. Qe3 Bb7 12. Bxf6 gxf6 13. Nxb4 Qa5 14. a3 Bxe4
15. Nxa6 Nxa6 16. Bb5+ Kd8 17. Qxe4 Nc5 18. Qc6 Bh6 19. Nxe6+ fxe6 20. Qxd6+
Kc8 21. Qxc5+ Kb8 22. Qd6+ Ka7 23. Rd4 Rad8 24. Qe7+ Kb8 25. Bc6 Bxf4+ 26. Rxf4
Qd2+ 27. Kb1 Qxf4 28. Qb7# 1-0

[Event "34. Copenhagen Open (Politiken Cup)"]
[Site "Elsinore"]
[Date "2012.08.01"]
[Round "6"]
[White "Skovle, Lars"]
[Black "Kyrkjebo, Hanna Bakken"]
[Result "0-1"]
[WhiteElo "1670"]
[BlackElo "1536"]
[PlyCount "90"]
[EventDate "2012.07.28"]
[EventType "swiss"]
[EventRounds "10"]
[EventCountry "DEN"]
[Source "ChessBase"]
[SourceDate "2012.08.24"]

1. e4 e5 2. Nf3 Nc6 3. d4 exd4 4. c3 d5 5. Bd3 dxe4 6. Bxe4 Bd6 7. O-O Nge7 8.
Bg5 O-O 9. Nxd4 Nxd4 10. Qxd4 Nf5 11. Qd2 Qd7 12. Na3 h6 13. Bf4 Bxf4 14. Qxf4
Nd6 15. Rad1 Qg4 16. Qxg4 Bxg4 17. Rd4 Nxe4 18. Rxe4 Be6 19. b3 a6 20. Nc2 Bf5
21. Rfe1 Bxe4 22. Rxe4 Rad8 23. Kf1 Rd2 24. Re2 Rfd8 25. Ne3 Rxe2 26. Kxe2 Kf8
27. Nf5 Rd5 28. Ne3 Ra5 29. a4 b5 30. axb5 axb5 31. Kd3 Ra2 32. Nc2 c5 33. f3
c4+ 34. bxc4 bxc4+ 35. Kd2 Ke7 36. Kc1 Kd6 37. Kb1 Ra6 38. Ne3 Kc5 39. Kc2 Ra2+
40. Kd1 Rb2 41. Nc2 Rb1+ 42. Ke2 Rg1 43. Ne3 g6 44. Nf1 Rxg2+ 45. Kd1 Rf2 0-1

[Event "34. Copenhagen Open (Politiken Cup)"]
[Site "Elsinore"]
[Date "2012.08.01"]
[Round "6"]
[White "Sorensen, Dick"]
[Black "Rorvik, Jon Fredrik"]
[Result "1/2-1/2"]
[WhiteElo "2023"]
[BlackElo "2149"]
[PlyCount "35"]
[EventDate "2012.07.28"]
[EventType "swiss"]
[EventRounds "10"]
[EventCountry "DEN"]
[Source "ChessBase"]
[SourceDate "2012.08.24"]

1. e4 e5 2. Nf3 Nc6 3. Nc3 Nf6 4. Bc4 Bc5 5. O-O d6 6. h3 O-O 7. d3 h6 8. Na4
Bb6 9. Nxb6 axb6 10. Be3 d5 11. exd5 Nxd5 12. Qd2 Be6 13. Bxd5 Bxd5 14. Nh2 f5
15. f4 e4 16. d4 Qe7 17. b3 Rfd8 18. c4 1/2-1/2

[Event "34. Copenhagen Open (Politiken Cup)"]
[Site "Elsinore"]
[Date "2012.08.01"]
[Round "6"]
[White "Starostits, Ilmars"]
[Black "Rossen, Claus"]
[Result "1-0"]
[WhiteElo "2494"]
[BlackElo "2223"]
[PlyCount "73"]
[EventDate "2012.07.28"]
[EventType "swiss"]
[EventRounds "10"]
[EventCountry "DEN"]
[Source "ChessBase"]
[SourceDate "2012.08.24"]

1. e4 d6 2. d4 Nf6 3. Nc3 g6 4. Be3 c6 5. h3 b5 6. e5 dxe5 7. dxe5 Qxd1+ 8.
Rxd1 Nfd7 9. f4 Nb6 10. g3 b4 11. Ne4 Bf5 12. Bg2 Nd5 13. Bf2 Nd7 14. Ne2 e6
15. Nd6+ Bxd6 16. exd6 Bxc2 17. Rc1 Ba4 18. Nd4 O-O 19. Nxc6 Bxc6 20. Rxc6 Rfc8
21. Rxc8+ Rxc8 22. Bxa7 Rc6 23. O-O Rxd6 24. Rc1 N7b6 25. Bb8 Rd8 26. Be5 f6
27. Bd4 Kf7 28. Kf2 Na4 29. Rc4 Nab6 30. Bxb6 Nxb6 31. Rxb4 Rd2+ 32. Kf1 Nd5
33. Rb7+ Ke8 34. Bxd5 exd5 35. a4 d4 36. a5 d3 37. Ke1 1-0

[Event "34. Copenhagen Open (Politiken Cup)"]
[Site "Elsinore"]
[Date "2012.08.01"]
[Round "6"]
[White "Stojanovski, Sandi"]
[Black "Portisch, Lajos"]
[Result "1-0"]
[WhiteElo "2191"]
[BlackElo "2520"]
[PlyCount "61"]
[EventDate "2012.07.28"]
[EventType "swiss"]
[EventRounds "10"]
[EventCountry "DEN"]
[Source "ChessBase"]
[SourceDate "2012.08.24"]

1. d4 Nf6 2. c4 e6 3. Nc3 Bb4 4. e3 O-O 5. Nf3 b6 6. Bd3 Bb7 7. O-O d5 8. a3
Bd6 9. Qe2 c5 10. dxc5 bxc5 11. e4 d4 12. e5 Bxf3 13. gxf3 Bxe5 14. Qxe5 Nbd7
15. Qe1 dxc3 16. Qxc3 Qc7 17. Kh1 Rfd8 18. Be3 Ne5 19. Be2 Ng6 20. Rg1 e5 21.
b4 cxb4 22. axb4 Nd5 23. Qb2 Nxe3 24. fxe3 Ne7 25. Rgd1 Rdc8 26. Ra5 f6 27. c5
h5 28. Qa2+ Kh7 29. Qf7 Kh6 30. Rg1 Rg8 31. Bd3 1-0

[Event "34. Copenhagen Open (Politiken Cup)"]
[Site "Elsinore"]
[Date "2012.08.01"]
[Round "6"]
[White "Stolberg Rohr, Thomine"]
[Black "Rostgaard, Tobias Valentin"]
[Result "0-1"]
[WhiteElo "1991"]
[BlackElo "2246"]
[PlyCount "64"]
[EventDate "2012.07.28"]
[EventType "swiss"]
[EventRounds "10"]
[EventCountry "DEN"]
[Source "ChessBase"]
[SourceDate "2012.08.24"]

1. e4 c5 2. Nc3 e6 3. g3 d5 4. exd5 exd5 5. Bg2 Nf6 6. d3 Be7 7. Bg5 Be6 8.
Nge2 Nbd7 9. O-O d4 10. Ne4 Nxe4 11. Bxe7 Qxe7 12. dxe4 Ne5 13. h3 O-O-O 14. b3
f6 15. f4 Nc6 16. Nc1 g5 17. Nd3 gxf4 18. Rxf4 Rhg8 19. Kh2 Rg6 20. Qf3 Ne5 21.
Qf2 Rdg8 22. Bf3 Rxg3 23. Qxg3 Rxg3 24. Kxg3 Qg7+ 25. Rg4 Bxg4 26. Bxg4+ Nxg4
27. hxg4 h5 28. Nf2 Qg5 29. Rh1 Qe3+ 30. Kg2 hxg4 31. Rh8+ Kc7 32. Rg8 Qf3+ 0-1

[Event "34. Copenhagen Open (Politiken Cup)"]
[Site "Elsinore"]
[Date "2012.08.01"]
[Round "6"]
[White "Svane, Rasmus"]
[Black "L'Ami, Erwin"]
[Result "1/2-1/2"]
[WhiteElo "2367"]
[BlackElo "2615"]
[PlyCount "52"]
[EventDate "2012.07.28"]
[EventType "swiss"]
[EventRounds "10"]
[EventCountry "DEN"]
[Source "ChessBase"]
[SourceDate "2012.08.24"]

1. Nf3 Nf6 2. c4 g6 3. Nc3 Bg7 4. e4 d6 5. d4 O-O 6. Be2 Bg4 7. Be3 Nfd7 8. Qd2
c5 9. d5 Na6 10. O-O Nc7 11. h3 Bxf3 12. Bxf3 e6 13. Rad1 exd5 14. exd5 f5 15.
Rfe1 a6 16. Bg5 Bf6 17. Bf4 Ne8 18. Re6 Ne5 19. Qe2 Ng7 20. Bxe5 Bxe5 21. Rxe5
dxe5 22. Qxe5 Qf6 23. Qc7 Rfc8 24. Qxb7 Qd6 25. b3 Rab8 26. Qa7 Ra8 1/2-1/2

[Event "34. Copenhagen Open (Politiken Cup)"]
[Site "Elsinore"]
[Date "2012.08.01"]
[Round "6"]
[White "Svane, Troels"]
[Black "Kyrkjebo, Eirik"]
[Result "1-0"]
[WhiteElo "1723"]
[BlackElo "1724"]
[PlyCount "35"]
[EventDate "2012.07.28"]
[EventType "swiss"]
[EventRounds "10"]
[EventCountry "DEN"]
[Source "ChessBase"]
[SourceDate "2012.08.24"]

1. Nf3 d5 2. g3 c5 3. d3 Nc6 4. Bg2 e5 5. O-O Nf6 6. Nbd2 Be7 7. e4 O-O 8. exd5
Nxd5 9. Nc4 Bg4 10. h3 Bxf3 11. Qxf3 Nf6 12. Re1 Qc7 13. Bd2 Nd4 14. Qd1 Nd7
15. Ba5 Qc8 16. Nxe5 Bf6 17. Nc4 Rb8 18. Nd6 1-0

[Event "34. Copenhagen Open (Politiken Cup)"]
[Site "Elsinore"]
[Date "2012.08.01"]
[Round "6"]
[White "Svanholm, Borge Waaktaar"]
[Black "Elenius, Erik"]
[Result "1/2-1/2"]
[WhiteElo "1905"]
[BlackElo "2069"]
[PlyCount "32"]
[EventDate "2012.07.28"]
[EventType "swiss"]
[EventRounds "10"]
[EventCountry "DEN"]
[Source "ChessBase"]
[SourceDate "2012.08.24"]

1. c4 Nf6 2. Nc3 g6 3. Nf3 Bg7 4. d4 d6 5. g3 O-O 6. Bg2 Nc6 7. O-O Bf5 8. h3
a6 9. b3 Rb8 10. Bb2 Ne4 11. Rc1 Qc8 12. Kh2 Nxc3 13. Bxc3 Be4 14. d5 Bxf3 15.
Bxf3 Ne5 16. Bg2 c5 1/2-1/2

[Event "34. Copenhagen Open (Politiken Cup)"]
[Site "Elsinore"]
[Date "2012.08.01"]
[Round "6"]
[White "Tandrup, Michael"]
[Black "Inhoven, Stefan"]
[Result "1/2-1/2"]
[WhiteElo "1955"]
[BlackElo "2140"]
[PlyCount "51"]
[EventDate "2012.07.28"]
[EventType "swiss"]
[EventRounds "10"]
[EventCountry "DEN"]
[Source "ChessBase"]
[SourceDate "2012.08.24"]

1. d4 e6 2. g3 c5 3. c3 Nf6 4. Bg2 Nc6 5. Nf3 b6 6. Bg5 h6 7. Bxf6 Qxf6 8. Ne5
Bb7 9. Nxc6 dxc6 10. e3 e5 11. dxe5 Qxe5 12. Nd2 O-O-O 13. Qa4 Kb8 14. O-O-O
Qe6 15. Qb3 Qf5 16. f4 Qg6 17. Nc4 Bd6 18. Rxd6 Rxd6 19. Nxd6 Qxd6 20. Rd1 Qe7
21. e4 Bc8 22. e5 Bd7 23. Rd6 Rc8 24. Qa4 Qe8 25. Qd1 Kc7 26. Rxd7+ 1/2-1/2

[Event "34. Copenhagen Open (Politiken Cup)"]
[Site "Elsinore"]
[Date "2012.08.01"]
[Round "6"]
[White "Teplyi, Igor"]
[Black "Colpe, Malte"]
[Result "0-1"]
[WhiteElo "2388"]
[BlackElo "2284"]
[PlyCount "80"]
[EventDate "2012.07.28"]
[EventType "swiss"]
[EventRounds "10"]
[EventCountry "DEN"]
[Source "ChessBase"]
[SourceDate "2012.08.24"]

1. Nf3 Nf6 2. c4 b6 3. g3 Bb7 4. Bg2 g6 5. Nc3 Bg7 6. d4 O-O 7. Bg5 Ne4 8. Nxe4
Bxe4 9. Qd2 d5 10. Bh6 dxc4 11. h4 Qd5 12. h5 Qa5 13. Qxa5 bxa5 14. Bxg7 Kxg7
15. Rh4 f5 16. hxg6 hxg6 17. Ng5 Bxg2 18. Ne6+ Kf7 19. Nxf8 g5 20. Rh2 Bd5 21.
Nh7 g4 22. f3 Kg6 23. Kf2 gxf3 24. exf3 Nc6 25. Ke3 Rh8 26. Rah1 e6 27. Rh5 Nb4
28. Rg5+ Kf7 29. g4 f4+ 30. Kxf4 Ke7 31. Rg7+ Kd6 32. Rh2 Nxa2 33. Re2 Nc1 34.
Rd2 Nd3+ 35. Ke3 a4 36. Ng5 Rb8 37. Nf7+ Kc6 38. Ne5+ Nxe5 39. dxe5 Rb3+ 40.
Kd4 Kb6 0-1

[Event "34. Copenhagen Open (Politiken Cup)"]
[Site "Elsinore"]
[Date "2012.08.01"]
[Round "6"]
[White "Thaler, Toni"]
[Black "Thogersen, Rasmus"]
[Result "1-0"]
[WhiteElo "2075"]
[BlackElo "1885"]
[PlyCount "81"]
[EventDate "2012.07.28"]
[EventType "swiss"]
[EventRounds "10"]
[EventCountry "DEN"]
[Source "ChessBase"]
[SourceDate "2012.08.24"]

1. d4 Nf6 2. c4 e6 3. Nf3 c5 4. d5 exd5 5. cxd5 d6 6. Nc3 g6 7. Nd2 Bg7 8. Nc4
O-O 9. Bg5 h6 10. Bf4 Ne8 11. Qc1 g5 12. Bd2 a6 13. a4 Kh7 14. h4 g4 15. Bf4 f5
16. a5 Qc7 17. Nb6 Ra7 18. e3 Nd7 19. Nca4 Nef6 20. h5 Re8 21. Qc2 Kg8 22. Bd3
Ne5 23. Bxf5 Nxd5 24. Bxe5 Bxf5 25. Qxf5 Rxe5 26. Qxg4 Nf6 27. Qc8+ Qxc8 28.
Nxc8 Ra8 29. Nxd6 Nxh5 30. O-O-O Rf8 31. f4 Rxe3 32. Rxh5 Rxf4 33. Nc3 Bxc3 34.
bxc3 Rxc3+ 35. Kb2 Rg3 36. Rd2 c4 37. Rc5 Rgg4 38. Rc2 c3+ 39. R5xc3 h5 40. Rc4
Rxc4 41. Nxc4 1-0

[Event "34. Copenhagen Open (Politiken Cup)"]
[Site "Elsinore"]
[Date "2012.08.01"]
[Round "6"]
[White "Valembois, Pierre"]
[Black "Jensen, Torben Brieghel"]
[Result "0-1"]
[WhiteElo "1292"]
[BlackElo "1514"]
[PlyCount "58"]
[EventDate "2012.07.28"]
[EventType "swiss"]
[EventRounds "10"]
[EventCountry "DEN"]
[Source "ChessBase"]
[SourceDate "2012.08.24"]

1. g4 e5 2. Bg2 h5 3. e4 hxg4 4. Qxg4 d6 5. Qf3 Nc6 6. c3 Be6 7. d3 Be7 8. Ne2
Bg5 9. Be3 Nh6 10. h3 Bxe3 11. fxe3 Qd7 12. d4 Bc4 13. d5 Ne7 14. Ng3 O-O-O 15.
Nd2 Qb5 16. b3 Bd3 17. a4 Qa6 18. c4 Qa5 19. Nf5 Nhxf5 20. exf5 Bxf5 21. O-O
Qxd2 22. e4 Qd4+ 23. Kh2 Bg6 24. a5 f5 25. a6 b6 26. Rfd1 fxe4 27. Qg4+ Bf5 28.
Qxg7 Qf2 29. Rf1 Rxh3# 0-1

[Event "34. Copenhagen Open (Politiken Cup)"]
[Site "Elsinore"]
[Date "2012.08.01"]
[Round "6"]
[White "Yildiz, Hasan"]
[Black "Leutwyler, Martin"]
[Result "0-1"]
[WhiteElo "2029"]
[BlackElo "2190"]
[PlyCount "90"]
[EventDate "2012.07.28"]
[EventType "swiss"]
[EventRounds "10"]
[EventCountry "DEN"]
[Source "ChessBase"]
[SourceDate "2012.08.24"]

1. c4 e6 2. Nc3 Bb4 3. Nf3 Nf6 4. g3 O-O 5. Bg2 d5 6. cxd5 exd5 7. d4 Re8 8.
O-O c6 9. h3 Nbd7 10. e3 Nf8 11. Qb3 Bd6 12. Bd2 Rb8 13. Qc2 g6 14. Nh4 Ne6 15.
Kh2 Ng5 16. Rae1 Nfe4 17. Ne2 Nxh3 18. f4 Nhf2 19. Bxe4 Nxe4 20. Nc3 Qd7 21.
Nxe4 Qh3+ 22. Kg1 Rxe4 23. Kf2 Qh2+ 24. Ng2 Qh5 25. Rh1 Qf5 26. Qd1 h5 27. Nh4
Qf6 28. Nf3 Bg4 29. Rh4 Qf5 30. Reh1 Rbe8 31. Qb3 Bxf3 32. Kxf3 R4e6 33. Kf2
Be7 34. R4h2 Bf6 35. Re1 b6 36. Qb4 Qg4 37. Reh1 Re4 38. Qd6 Bxd4 39. Rh4 Qf5
40. Rxh5 gxh5 41. g4 Qxf4+ 42. Qxf4 Rxf4+ 43. Kg3 Rxg4+ 44. Kf3 Bxb2 45. Rxh5
Rg6 0-1

[Event "34. Copenhagen Open (Politiken Cup)"]
[Site "Elsinore"]
[Date "2012.08.01"]
[Round "6"]
[White "Zude, Erik"]
[Black "Popovic, Dusan"]
[Result "0-1"]
[WhiteElo "2384"]
[BlackElo "2579"]
[PlyCount "66"]
[EventDate "2012.07.28"]
[EventType "swiss"]
[EventRounds "10"]
[EventCountry "DEN"]
[Source "ChessBase"]
[SourceDate "2012.08.24"]

1. c4 g6 2. g3 Bg7 3. Bg2 d6 4. Nc3 e5 5. e4 Nf6 6. Nge2 O-O 7. d3 c6 8. O-O a6
9. h3 b5 10. Be3 Nbd7 11. Qd2 Re8 12. Rad1 Bb7 13. b4 Rb8 14. a3 Qe7 15. Nc1
Nf8 16. Nb3 Ne6 17. Rfe1 Nd7 18. Qa2 h5 19. h4 Nf6 20. cxb5 axb5 21. Bh3 Ng4
22. Bc1 Nd4 23. Bg2 Bc8 24. Ne2 Be6 25. Nexd4 exd4 26. Qc2 c5 27. Na5 Rbc8 28.
Qe2 c4 29. f4 cxd3 30. Rxd3 Bc4 31. Bb2 Bxd3 32. Qxd3 Qa7 33. Re2 Rc3 0-1

[Event "34. Copenhagen Open (Politiken Cup)"]
[Site "Elsinore"]
[Date "2012.08.02"]
[Round "7"]
[White "Aabling Thomsen, Jakob"]
[Black "Hansen, Morten Moller"]
[Result "1-0"]
[WhiteElo "2331"]
[BlackElo "2095"]
[PlyCount "81"]
[EventDate "2012.07.28"]
[EventType "swiss"]
[EventRounds "10"]
[EventCountry "DEN"]
[Source "ChessBase"]
[SourceDate "2012.08.24"]

1. e4 c5 2. c3 Qa5 3. d4 cxd4 4. Bd2 d3 5. Bxd3 e6 6. Nf3 Nc6 7. O-O Nf6 8. c4
Qc7 9. Nc3 Be7 10. Re1 d6 11. Rc1 Ne5 12. Nb5 Qd8 13. Bf4 Nxf3+ 14. Qxf3 e5 15.
c5 a6 16. cxd6 Bxd6 17. Nxd6+ Qxd6 18. h3 O-O 19. Bg5 Nd7 20. Red1 Qg6 21. Be3
Re8 22. Rc7 Nf8 23. Bc4 Be6 24. Bxe6 Rxe6 25. Rxb7 Rf6 26. Qg4 Qxg4 27. hxg4
Rc6 28. Rd5 Re8 29. Ra7 f6 30. g5 fxg5 31. Bxg5 Rg6 32. Be3 Rc6 33. b3 h6 34.
g3 Ree6 35. Rd8 Rf6 36. b4 Kh7 37. Rd5 Rc4 38. a3 Rc3 39. Ra5 Rc4 40. Rxe5 Re6
41. Rxe6 1-0

[Event "34. Copenhagen Open (Politiken Cup)"]
[Site "Elsinore"]
[Date "2012.08.02"]
[Round "7"]
[White "Amarapala, Sherington"]
[Black "Knudsen, Jes West"]
[Result "1/2-1/2"]
[WhiteElo "1732"]
[BlackElo "1918"]
[PlyCount "103"]
[EventDate "2012.07.28"]
[EventType "swiss"]
[EventRounds "10"]
[EventCountry "DEN"]
[Source "ChessBase"]
[SourceDate "2012.08.24"]

1. e4 c5 2. Nf3 a6 3. d4 cxd4 4. Nxd4 Nf6 5. Nc3 e5 6. Nb3 Bb4 7. Bd2 O-O 8.
Bd3 Bxc3 9. Bxc3 d5 10. exd5 Qxd5 11. Qe2 e4 12. Bc4 Qg5 13. O-O Bg4 14. Qd2
Qg6 15. Nd4 Bf3 16. Nxf3 exf3 17. g3 Qh5 18. Qf4 Nbd7 19. Rfe1 g5 20. Qf5 Rac8
21. Bxf6 Nxf6 22. Qxf6 Rxc4 23. Re5 h6 24. h4 Rxc2 25. hxg5 Rfc8 26. Ree1 R2c6
27. Qf4 hxg5 28. g4 gxf4 29. gxh5 Kh7 30. Re4 Rc1+ 31. Rxc1 Rxc1+ 32. Kh2 Rf1
33. Rxf4 Rxf2+ 34. Kg3 Rxb2 35. Rxf7+ Kh6 36. Kxf3 Kxh5 37. a4 Kg6 38. Rf4 Rb3+
39. Ke4 Rb4+ 40. Ke5 Rxf4 41. Kxf4 Kf6 42. Ke4 Ke6 43. Kd4 Kd6 44. Kc4 b6 45.
Kd4 a5 46. Kc4 Kc6 47. Kd4 b5 48. axb5+ Kxb5 49. Kc3 Ka4 50. Kc4 Ka3 51. Kc3
Ka2 52. Kc2 1/2-1/2

[Event "34. Copenhagen Open (Politiken Cup)"]
[Site "Elsinore"]
[Date "2012.08.02"]
[Round "7"]
[White "Ananthan, Arunn"]
[Black "Nordin, Eric"]
[Result "1-0"]
[WhiteElo "1696"]
[BlackElo "1906"]
[PlyCount "61"]
[EventDate "2012.07.28"]
[EventType "swiss"]
[EventRounds "10"]
[EventCountry "DEN"]
[Source "ChessBase"]
[SourceDate "2012.08.24"]

1. e4 d6 2. d4 Nf6 3. Nc3 g6 4. g3 Bg4 5. Be2 Bxe2 6. Qxe2 Bg7 7. Be3 Nbd7 8.
Nf3 O-O 9. O-O Ng4 10. Bf4 e5 11. dxe5 Ngxe5 12. Nxe5 Nxe5 13. Rad1 g5 14. Be3
g4 15. f4 gxf3 16. Qf2 Qd7 17. Bd4 Ng4 18. Qxf3 Rae8 19. Bxg7 Kxg7 20. Rde1 c6
21. Ne2 f5 22. exf5 Ne3 23. Rf2 Rxf5 24. Nf4 Rfe5 25. Nh5+ Kg6 26. Nf6 Qh3 27.
Nxe8 Ng4 28. Qf7+ Kg5 29. Qg7+ Kh5 30. Rxe5+ Nxe5 31. Nf6# 1-0

[Event "34. Copenhagen Open (Politiken Cup)"]
[Site "Elsinore"]
[Date "2012.08.02"]
[Round "7"]
[White "Bach, Matthias"]
[Black "Skjoldager, Mikael"]
[Result "1-0"]
[WhiteElo "2274"]
[BlackElo "2077"]
[PlyCount "49"]
[EventDate "2012.07.28"]
[EventType "swiss"]
[EventRounds "10"]
[EventCountry "DEN"]
[Source "ChessBase"]
[SourceDate "2012.08.24"]

1. c4 Nf6 2. g3 c6 3. Bg2 d5 4. Nf3 dxc4 5. O-O Bf5 6. Na3 Qd5 7. b3 cxb3 8.
axb3 e6 9. Nc4 Bb4 10. Ra4 Na6 11. d3 Qd8 12. Nfe5 Nd5 13. Rxa6 bxa6 14. Nxc6
Qd7 15. Nxb4 Rc8 16. Na2 Nb6 17. Ba3 Nxc4 18. bxc4 f6 19. c5 Kf7 20. c6 Qd4 21.
Qc2 Rc7 22. Rb1 e5 23. Bc5 Qd8 24. Nb4 Qc8 25. Bd6 1-0